Catalog

Record Details

Catalog Search



The dreamer  Cover Image CD Audiobook CD Audiobook

The dreamer / Pam Muñoz Ryan and Peter Sís.

Ryan, Pam Muñoz. (Author). Sís, Peter, 1949- (Added Author). Chiroldes, Tony. (Narrator).

Summary:

A fictionalized account of the Nobel Prize-winning Chilean poet Pablo Neruda (Neftalí), who grew up a painfully shy child in the rainforests of Chile, ridiculed by his overbearing father, but who became one of the most widely-read poets in the world.

Record details

  • ISBN: 9780545223393
  • ISBN: 0545223393
  • Physical Description: 4 audio discs (5 hr., 26 min.) : digital ; 4 3/4 in. + 1 videodisc
  • Publisher: New York : Scholastic Audiobooks, ℗2010.

Content descriptions

General Note:
Unabridged.
Title from container.
Compact disc.
Bonus DVD with artwork by Perter Sís & bonus tracks by Pam Muñoz Ryan!
Creation/Production Credits Note:
Producer, Paul Ruben ; video, Paul R. Gagne.
Participant or Performer Note:
Read by Tony Chiroldes.
Study Program Information Note:
Accelerated Reader AR MG 4.6 4.0 136779.
Reading Counts RC 6-8 3.7 9 Quiz: 47797.
Awards Note:
Pura Belpre Award, Author Award Winner, 2011
Subject: Neruda, Pablo, 1904-1973 > Childhood and youth > Fiction > Juvenile sound recordings.
Chile > 20th century > Fiction > Juvenile sound recordings.
Imagination in children > Fiction > Juvenile sound recordings.
Rain forests > Chile > Fiction > Juvenile sound recordings.
Poets, Chilean > Fiction > Juvenile sound recordings.
Genre: Audiobooks.
Children's audiobooks.

LDR 02264cim a2200517Ia 4500
001149591
003CONS
00520190205120751.0
008100520s2010 nyunnnnj f n eng d
006a 000 0
007sd fsngnnmmneu
020 . ‡a9780545223393
020 . ‡a0545223393
02802. ‡a5-22339-3 ‡bScholastic Audiobooks
035 . ‡a(CPomAG)LMN610079
043 . ‡as-cl---
050 4. ‡aPZ7.R9553 ‡bDr 2010ab
08204. ‡a813.54 ‡a[Fic] ‡222
1001 . ‡aRyan, Pam Muñoz.
24514. ‡aThe dreamer / ‡cPam Muñoz Ryan and Peter Sís.
260 . ‡aNew York : ‡bScholastic Audiobooks, ‡c℗2010.
300 . ‡a4 audio discs (5 hr., 26 min.) : ‡bdigital ; ‡c4 3/4 in. + ‡e1 videodisc
336 . ‡aspoken word ‡bspw ‡2rdacontent
337 . ‡aaudio ‡bs ‡2rdamedia
338 . ‡aaudio disc ‡bsd ‡2rdacarrier
500 . ‡aUnabridged.
500 . ‡aTitle from container.
5110 . ‡aRead by Tony Chiroldes.
500 . ‡aCompact disc.
500 . ‡aBonus DVD with artwork by Perter Sís & bonus tracks by Pam Muñoz Ryan!
520 . ‡aA fictionalized account of the Nobel Prize-winning Chilean poet Pablo Neruda (Neftalí), who grew up a painfully shy child in the rainforests of Chile, ridiculed by his overbearing father, but who became one of the most widely-read poets in the world.
508 . ‡aProducer, Paul Ruben ; video, Paul R. Gagne.
5260 . ‡aAccelerated Reader AR ‡bMG ‡c4.6 ‡d4.0 ‡z136779.
5260 . ‡aReading Counts RC ‡b6-8 ‡c3.7 ‡d9 ‡zQuiz: 47797.
586 . ‡aPura Belpre Award, Author Award Winner, 2011
60010. ‡aNeruda, Pablo, ‡d1904-1973 ‡xChildhood and youth ‡vFiction ‡vJuvenile sound recordings.
651 0. ‡aChile ‡y20th century ‡vFiction ‡vJuvenile sound recordings.
650 0. ‡aImagination in children ‡vFiction ‡vJuvenile sound recordings.
650 0. ‡aRain forests ‡zChile ‡vFiction ‡vJuvenile sound recordings.
650 0. ‡aPoets, Chilean ‡vFiction ‡vJuvenile sound recordings.
655 7. ‡aAudiobooks.
655 7. ‡aChildren's audiobooks. ‡2lcgft
7001 . ‡aSís, Peter, ‡d1949-
7001 . ‡aChiroldes, Tony. ‡4nrt
959 . ‡i32269001085821 ‡lJF BK/CD Rya ‡aJuvenile - Audiobook ‡tAudiobook ‡g35.00
852 . ‡p32269001085821 ‡jJF BK/CD Rya ‡gJuvenile - Audiobook ‡cAudiobook ‡y35.00 ‡bSBPL
901 . ‡a149591 ‡bUnknown ‡c149591 ‡tbiblio

Additional Resources